| 000 | 00825nam a22002657a 4500 | ||
|---|---|---|---|
| 003 | CHAP | ||
| 005 | 20220329135059.0 | ||
| 008 | 971013s1959 r 10010 d | ||
| 010 | _a30619 | ||
| 011 | _a31591 | ||
| 035 | _a35703 | ||
| 040 | _cCHAP | ||
| 082 |
_a553.6106 _bN38 1957 |
||
| 111 | 0 | 0 |
_aNational Conference on Clays and Clays Minerals ( _n6 _c: Berkeley _d: 1957). _980328 |
| 245 | _aClays and clay minerals ; proceedings of the sixth... | ||
| 260 |
_aNew York : _bPergamon, _c1959 |
||
| 300 |
_a411 p. _b: ilus. |
||
| 590 |
_aBATCH-UPD _b10 _c20130110 _lUCH01 _h1438 |
||
| 590 |
_aCONVERSION _b10 _c20130109 _lUCH01 _h1317 |
||
| 650 | 1 | 4 |
_aArcilla. _96822 |
| 650 | 1 | 4 |
_aArcilla _xIndustria. _96825 |
| 901 | _aBK | ||
| 942 | _cLIBRO | ||
| 949 |
_a553.6106 N38 1957 _bBC _cLIBRO _d33724000657938 _eLIBRO _h7912 _i35703 _si |
||
| 999 |
_c30619 _d30619 |
||